00868nam a22002417a 450000500170000001000130001702000230003003500130005303700160006604000120008208200130009410000280010724500820013526000470021727000550026430000250031950000330034465000320037765000270040994200220043699900190045895201490047720170124110216.0 aB-129765 c750.00a0195666704 aB-129765 bCen Lib/Ret aDPLbEN a954bGUP aGupta, Ashin Das939036 aIndia and the indian ocean world :cby Ashin Das Gupta btrade and politics / aNew Delhi bOxford University Press c2004 bNew Delhi aYMCA building, jai singh road e110001 axxx, 348p.c21cm(Hb) aIncludes appendix and index  aCommission merchants939037 aMerchant marine939038 2ddccENh954mGUP c133830d133830 00104070aLbLd2015-07-28eCen Lib/Retg750.00l2o954 Gupta, Ashin DaspB-129765r2018-10-13 00:00:00s2018-09-29t1v750.00w2015-07-28yEN